|
|
|
|
| LEADER |
00607nam a22001697a 4500 |
| 005 |
20160915100249.0 |
| 110 |
|
|
|9 40451
|a VALOR ECONÔMICO S/A.
|
| 245 |
|
|
|a Sem perder o ritmo. Redes mantêm crescimento superior a 16% ao ano.
|
| 510 |
|
|
|a Valor Setorial. Franquias,
|b São Paulo,
|c abr./2013, 106p.
|
| 546 |
|
|
|a Português
|
| 650 |
|
|
|a FRANQUIA
|9 2244
|
| 650 |
|
|
|a EMPRESAS
|9 56
|
| 650 |
|
|
|a NEGÓCIOS
|9 195
|
| 650 |
|
|
|a BRASIL
|9 44966
|
| 942 |
|
|
|c AP
|
| 952 |
|
|
|0 0
|1 0
|3 Brochura
|4 0
|5 0
|7 0
|9 319629
|a BIBLIO
|b BIBLIO
|c AP
|d 2013-08-09
|e Doação
|l 0
|p 319629
|r 2013-08-09 00:00:00
|w 2013-08-09
|y AP
|w 2013-08-09
|
| 999 |
|
|
|c 315478
|d 315478
|